Ramones: Albums by Cover - Statistics

General Stats
  • This quiz has been taken 22 times
  • The average score is 10 of 14
Answer Stats
Picture Hint Answer % Correct
1976 Ramones
100%
1977 Rocket to Russia
85%
1980 End of the Century
77%
1977 Leave Home
77%
1981 Pleasant Dreams
77%
1978 Road to Ruin
77%
1984 Too Tough to Die
77%
1995 ¡Adios Amigos!
62%
1986 Animal Boy
62%
1992 Mondo Bizarro
62%
1983 Subterranean Jungle
62%
1993 Acid Eaters
54%
1989 Brain Drain
46%
1987 Halfway to Sanity
46%
No matching quizzes found
Score Distribution
Percent of People with Each Score
Percentile by Number Answered
Your Score History
You have not taken this quiz